[Event "Montreal op U2000"]
[Site "Montreal CAN"]
[Date "2016.09.11"]
[Round "5.40"]
[White "Saine, Zachary"]
[Black "Bolduc, Olivier"]
[Result "1-0"]
[WhiteElo "1822"]
[BlackElo "1495"]
[PlyCount "112"]
[EventDate "2016.09.09"]
[EventType "swiss"]
[EventRounds "5"]
[EventCountry "CAN"]

1. e4 c6 2. c4 d5 3. cxd5 cxd5 4. e5 e6 5. d4 Ne7 6. Bd3 Nbc6 7. Ne2 Bd7 8.
Nbc3 Rc8 9. a3 a6 10. O-O Nf5 11. Bxf5 exf5 12. Nxd5 Be6 13. Ndc3 Bc4 14. Re1
Be7 15. Be3 O-O 16. f4 f6 17. d5 Nxe5 18. fxe5 fxe5 19. Bf2 Bd6 20. Rc1 Qf6 21.
b4 b5 22. Ng3 g6 23. Nce2 Rc7 24. Qd2 h5 25. Nc3 h4 26. Nf1 g5 27. Be3 Rg7 28.
Qf2 Rff7 29. Nd2 g4 30. g3 hxg3 31. hxg3 Rh7 32. Nxc4 bxc4 33. Bc5 Qh8 34. Qg2
Bb8 35. d6 e4 36. Nxe4 fxe4 37. Rxe4 Ba7 38. Re8+ Rf8 39. Rxf8+ Kxf8 40. d7+
Bxc5+ 41. bxc5 Qd4+ 42. Qf2+ Qxf2+ 43. Kxf2 Rxd7 44. Rxc4 Rc7 45. Ke3 Ke7 46.
Kf4 Ke6 47. Kxg4 Kd5 48. Rc1 Rxc5 49. Rxc5+ Kxc5 50. Kf4 Kd6 51. Kf5 Ke7 52.
Kg6 Kf8 53. a4 a5 54. g4 Kg8 55. g5 Kh8 56. Kf7 Kh7 1-0

[Event "Montreal op U2000"]
[Site "Montreal CAN"]
[Date "2016.09.11"]
[Round "5.42"]
[White "Zhong, Wenxuan"]
[Black "Gil, Bernardo"]
[Result "1/2-1/2"]
[WhiteElo "1805"]
[BlackElo "1571"]
[PlyCount "161"]
[EventDate "2016.09.09"]
[EventType "swiss"]
[EventRounds "5"]
[EventCountry "CAN"]

1. e4 e6 2. Nf3 d5 3. e5 c5 4. b4 Qb6 5. bxc5 Bxc5 6. d4 Bb4+ 7. c3 Ba5 8. Bd3
Bd7 9. Qe2 Nc6 10. O-O Nge7 11. Ng5 h6 12. Qh5 g6 13. Qh3 Nd8 14. Nf3 Rc8 15.
Ba3 Bxc3 16. Nxc3 Rxc3 17. Rab1 Qc7 18. Bd6 Qc8 19. Rfd1 Ba4 20. Bb5+ Bxb5 21.
Rxb5 Rc1 22. Rb1 Rxd1+ 23. Rxd1 Qc2 24. Re1 Qxa2 25. Qh4 Ndc6 26. Qf6 Rg8 27.
g4 Qa5 28. Rb1 b5 29. Qh4 a6 30. Qxh6 Kd7 31. Qh7 Qd8 32. Ng5 Qf8 33. Rc1 Rh8
34. Qxf7 Qxf7 35. Nxf7 Rf8 36. Nh6 Rf4 37. Bxe7 Nxe7 38. Ra1 Rxd4 39. Rxa6 Rd1+
40. Kg2 d4 41. Rd6+ Kc7 42. Rxe6 Nc6 43. Rd6 Nxe5 44. Rd5 d3 45. Rxe5 d2 46.
Rxb5 Rg1+ 47. Kxg1 d1=Q+ 48. Kg2 Qe2 49. Rc5+ Kd6 50. Rg5 Qe4+ 51. Kg3 Ke7 52.
Nf5+ gxf5 53. Rxf5 Qd3+ 54. f3 Qf1 55. h3 Qe1+ 56. Kf4 Qh4 57. Rh5 Qf6+ 58. Kg3
Qd6+ 59. f4 Kf7 60. Re5 Qd3+ 61. Kh4 Qd8+ 62. g5 Qh8+ 63. Kg4 Qc8+ 64. Kh4 Qh8+
65. Kg3 Kg6 66. Kg4 Qh5+ 67. Kg3 Qh8 68. Re6+ Kf7 69. Rf6+ Kg7 70. Ra6 Qd8 71.
Ra3 Kg6 72. h4 Kh5 73. Rf3 Qd1 74. f5 Qg1+ 75. Kf4 Qg4+ 76. Ke3 Qxh4 77. f6
Qxg5+ 78. Ke4 Qg4+ 79. Rf4 Qe6+ 80. Kf3 Qf7 81. Kg3 1/2-1/2

[Event "Montreal op U2000"]
[Site "Montreal CAN"]
[Date "2016.09.11"]
[Round "5.44"]
[White "Tinica, Gabriel"]
[Black "Ma, Indy"]
[Result "0-1"]
[WhiteElo "1579"]
[BlackElo "1717"]
[PlyCount "106"]
[EventDate "2016.09.09"]
[EventType "swiss"]
[EventRounds "5"]
[EventCountry "CAN"]

1. d4 Nf6 2. c4 e6 3. Nc3 Bb4 4. f3 Bxc3+ 5. bxc3 d5 6. cxd5 exd5 7. e3 O-O 8.
Bd3 Re8 9. Ne2 b6 10. O-O Bb7 11. Re1 Nbd7 12. Ng3 c5 13. Bb2 Qc7 14. e4 dxe4
15. fxe4 Qf4 16. e5 Ng4 17. Qc2 Qh6 18. h3 Ne3 19. Rxe3 Qxe3+ 20. Kh2 cxd4 21.
cxd4 Rac8 22. Qe2 Qxe2 23. Nxe2 Bd5 24. Nc3 Bc4 25. Bxc4 Rxc4 26. Nb5 Rc2 27.
Nd6 Re6 28. Bc1 f6 29. Bf4 fxe5 30. dxe5 Nxe5 31. Nb5 Nd3 32. Nd4 Nxf4 33. Nxc2
Re2 34. Kg3 Rxg2+ 35. Kxf4 Rxc2 36. a4 Rc4+ 37. Kg3 a5 38. Rb1 Rb4 39. Ra1 g5
40. Kg2 h5 41. Kg3 Kg7 42. Kg2 Kg6 43. Kg3 Kf5 44. Rf1+ Rf4 45. Rb1 Rb4 46.
Rf1+ Ke4 47. Re1+ Kd3 48. Re5 h4+ 49. Kf3 Rf4+ 50. Kg2 g4 51. Re6 gxh3+ 52.
Kxh3 Rb4 53. Kg2 Kc2 0-1

[Event "Montreal op U2000"]
[Site "Montreal CAN"]
[Date "2016.09.11"]
[Round "5.45"]
[White "Sahuguet, Nicolas"]
[Black "Robillard, Jean-Philippe"]
[Result "0-1"]
[WhiteElo "1863"]
[BlackElo "1636"]
[PlyCount "104"]
[EventDate "2016.09.09"]
[EventType "swiss"]
[EventRounds "5"]
[EventCountry "CAN"]

1. d4 Nf6 2. c4 e6 3. Nc3 d5 4. cxd5 exd5 5. Bg5 c6 6. Qc2 Bd6 7. e3 Bg4 8. Bd3
Qb6 9. f3 Be6 10. Bxf6 gxf6 11. Nge2 Na6 12. a3 c5 13. O-O c4 14. Bf5 Nc7 15.
a4 h6 16. Rfb1 Bb4 17. Nf4 Kd7 18. Nh5 Ke7 19. g4 a5 20. Kh1 Rae8 21. Rc1 Kd8
22. Re1 Bd7 23. Bxd7 Bxc3 24. bxc3 Kxd7 25. Rab1 Qc6 26. Qf5+ Re6 27. Nxf6+ Ke7
28. Nh5 Rg8 29. h3 b5 30. axb5 Nxb5 31. Ra1 Ra8 32. Nf4 Nxc3 33. Nxe6 fxe6 34.
Qh7+ Kd6 35. Qxh6 a4 36. Qf4+ Kd7 37. Qf7+ Kc8 38. Qf8+ Kc7 39. Qe7+ Kb6 40.
Qb4+ Nb5 41. Rxa4 Rxa4 42. Qxa4 Nxd4 43. Qb4+ Nb5 44. Rc1 c3 45. Kg2 e5 46. Kf2
d4 47. Ke2 Qd5 48. Kd3 Qxf3 49. Rb1 e4+ 50. Kc2 d3+ 51. Kb3 Qf7+ 52. Ka4 Qa2+
0-1

[Event "Montreal op U2000"]
[Site "Montreal CAN"]
[Date "2016.09.11"]
[Round "5.46"]
[White "Cui, Cynthia"]
[Black "Steinberg, Ellis"]
[Result "1/2-1/2"]
[WhiteElo "1700"]
[BlackElo "1840"]
[PlyCount "65"]
[EventDate "2016.09.09"]
[EventType "swiss"]
[EventRounds "5"]
[EventCountry "CAN"]

1. c4 Nf6 2. g3 g6 3. Bg2 Bg7 4. Nf3 d6 5. Nc3 O-O 6. b4 Ne4 7. Bb2 Nxc3 8.
Bxc3 Bxc3 9. dxc3 e5 10. e4 Bg4 11. O-O Nd7 12. Qd2 Qf6 13. Qd3 a5 14. Nd2 axb4
15. cxb4 Ra4 16. a3 Rfa8 17. Bf3 Bxf3 18. Nxf3 Nb8 19. Qc3 Nc6 20. Rfd1 Nxb4
21. axb4 Rxa1 22. Rxa1 Rxa1+ 23. Qxa1 Qxf3 24. Qa8+ Kg7 25. Qxb7 Qd1+ 26. Kg2
Qd4 27. Qxc7 Qxe4+ 28. Kh3 Qe1 29. Qxd6 Qf1+ 30. Kh4 Qxc4+ 31. f4 exf4 32. Qxf4
Qd5 33. Qg5 1/2-1/2

[Event "Montreal op U2000"]
[Site "Montreal CAN"]
[Date "2016.09.11"]
[Round "5.49"]
[White "Kay, Sang Kil"]
[Black "Nica, Ion"]
[Result "1/2-1/2"]
[WhiteElo "1623"]
[BlackElo "1791"]
[PlyCount "24"]
[EventDate "2016.09.09"]
[EventType "swiss"]
[EventRounds "5"]
[EventCountry "CAN"]

1. e4 g6 2. d4 Bg7 3. f4 d5 4. e5 h5 5. Nf3 Bg4 6. h3 Bxf3 7. Qxf3 e6 8. Bd3 c5
9. c3 cxd4 10. cxd4 Qb6 11. Qf2 Nc6 12. O-O Qxd4 1/2-1/2

[Event "Montreal op U2000"]
[Site "Montreal CAN"]
[Date "2016.09.11"]
[Round "5.50"]
[White "Messaoudene, Kamel"]
[Black "Bourassa, Louis"]
[Result "1-0"]
[WhiteElo "1775"]
[BlackElo "1512"]
[PlyCount "59"]
[EventDate "2016.09.09"]
[EventType "swiss"]
[EventRounds "5"]
[EventCountry "CAN"]

1. d4 Nf6 2. c4 g6 3. h3 d5 4. Nc3 Bg7 5. Bf4 O-O 6. Qb3 dxc4 7. Qxc4 Nbd7 8.
Bxc7 Qe8 9. e3 e6 10. Bd6 Nb6 11. Qb3 Bd7 12. Bb5 Nbd5 13. Bxd7 Qxd7 14. Bxf8
Bxf8 15. Nxd5 Nxd5 16. a3 Qc7 17. Nf3 Qa5+ 18. Nd2 Bb4 19. Rd1 Bxd2+ 20. Rxd2
Rc8 21. Qd1 Nf6 22. O-O Qf5 23. Qa4 Ne4 24. Re2 Qh5 25. Rc2 Rf8 26. Qxa7 Qf5
27. Qxb7 Ng5 28. Rc5 Nxh3+ 29. gxh3 Qxh3 30. Qg2 1-0

[Event "Montreal op U2000"]
[Site "Montreal CAN"]
[Date "2016.09.11"]
[Round "5.51"]
[White "Zheng, Richard"]
[Black "Mercure, Gilbert"]
[Result "1-0"]
[WhiteElo "1612"]
[BlackElo "1747"]
[PlyCount "106"]
[EventDate "2016.09.09"]
[EventType "swiss"]
[EventRounds "5"]
[EventCountry "CAN"]

1. e4 d5 2. exd5 Nf6 3. Nf3 Nxd5 4. d4 Bf5 5. Bc4 e6 6. O-O Be7 7. Bxd5 exd5 8.
Bf4 Nc6 9. c3 O-O 10. Nbd2 g5 11. Be3 g4 12. Ne5 Nxe5 13. dxe5 Bg5 14. f4 Be7
15. Nb3 Qd7 16. Qe2 b6 17. Rad1 c5 18. g3 Rad8 19. Rfe1 Qe6 20. Qf2 a5 21. Nc1
h5 22. b3 Kg7 23. b4 axb4 24. cxb4 d4 25. Bd2 h4 26. Nb3 hxg3 27. hxg3 Rh8 28.
bxc5 bxc5 29. Ba5 Rc8 30. Qg2 Rh3 31. Kf2 Rch8 32. Rh1 Qc4 33. Rxh3 Rxh3 34.
Rd2 Be6 35. Qf1 Rh2+ 36. Ke1 Rxd2 37. Qxc4 Bxc4 38. Kxd2 Kg6 39. Bb6 Bxb3 40.
axb3 Kf5 41. Kd3 f6 42. exf6 Kxf6 43. Ke4 Ke6 44. b4 d3 45. Kxd3 cxb4 46. Kc4
Kf5 47. Ba5 b3 48. Kxb3 Bc5 49. Be1 Ke4 50. Kc4 Bf8 51. f5 Ke3 52. f6 Ke4 53.
f7 Ke5 1-0

[Event "Montreal op U2000"]
[Site "Montreal CAN"]
[Date "2016.09.11"]
[Round "5.52"]
[White "Bouchard, Alexandre"]
[Black "Oroczo, Joey"]
[Result "1/2-1/2"]
[WhiteElo "1462"]
[BlackElo "1841"]
[PlyCount "30"]
[EventDate "2016.09.09"]
[EventType "swiss"]
[EventRounds "5"]
[EventCountry "CAN"]

1. d4 Nf6 2. Nf3 g6 3. g3 Bg7 4. Bg2 O-O 5. O-O d5 6. c4 c6 7. Nc3 b6 8. cxd5
cxd5 9. Qb3 Bb7 10. Ne5 Nbd7 11. Nxd5 Nxd5 12. Bxd5 Bxd5 13. Qxd5 Nxe5 14. Qxd8
Rfxd8 15. dxe5 Bxe5 1/2-1/2

[Event "Montreal op U2000"]
[Site "Montreal CAN"]
[Date "2016.09.11"]
[Round "5.53"]
[White "Cisse, Lamine"]
[Black "Kaneshalingam, Mathanhe"]
[Result "1/2-1/2"]
[WhiteElo "1800"]
[BlackElo "1694"]
[PlyCount "45"]
[EventDate "2016.09.09"]
[EventType "swiss"]
[EventRounds "5"]
[EventCountry "CAN"]

1. d4 d5 2. e3 Nf6 3. Bd3 e6 4. f4 Nbd7 5. Nf3 b6 6. O-O Bb7 7. Ne5 Be7 8. Nd2
O-O 9. Qf3 c5 10. c3 c4 11. Bxc4 dxc4 12. Qxb7 Nxe5 13. fxe5 Nd5 14. Nf3 Rb8
15. Qa6 b5 16. b4 cxb3 17. axb3 Nxc3 18. Bd2 Nd5 19. Qc6 Rb6 20. Qc2 Qd7 21. e4
Nb4 22. Qd1 Rc8 23. Bxb4 1/2-1/2

[Event "Montreal op U2000"]
[Site "Montreal CAN"]
[Date "2016.09.11"]
[Round "5.54"]
[White "Cui, Leonardo"]
[Black "Lessard, Sylvain"]
[Result "1-0"]
[WhiteElo "1642"]
[BlackElo "1757"]
[PlyCount "71"]
[EventDate "2016.09.09"]
[EventType "swiss"]
[EventRounds "5"]
[EventCountry "CAN"]

1. Nf3 d5 2. d4 Nf6 3. e3 Bg4 4. Nbd2 e6 5. Bd3 Nc6 6. c3 Bd6 7. O-O O-O 8. Qc2
Bh5 9. b3 Bg6 10. e4 dxe4 11. Nxe4 Nxe4 12. Bxe4 Bxe4 13. Qxe4 Be7 14. Bf4 Rc8
15. Rfd1 Qd5 16. Qxd5 exd5 17. Ne5 Nxe5 18. dxe5 Rfd8 19. Rd2 Rd7 20. Rad1 Rcd8
21. Be3 c5 22. f4 g6 23. g4 b6 24. f5 d4 25. cxd4 cxd4 26. Rxd4 Rxd4 27. Rxd4
Rc8 28. Rc4 Rd8 29. Kg2 h5 30. f6 Bc5 31. Bxc5 bxc5 32. Rxc5 Rd2+ 33. Kg3 Rxa2
34. Rc8+ Kh7 35. e6 h4+ 36. Kf3 1-0

[Event "Montreal op U2000"]
[Site "Montreal CAN"]
[Date "2016.09.11"]
[Round "5.55"]
[White "Dube, Dominic"]
[Black "Ostaci, Liviu"]
[Result "1-0"]
[WhiteElo "1750"]
[BlackElo "1608"]
[PlyCount "61"]
[EventDate "2016.09.09"]
[EventType "swiss"]
[EventRounds "5"]
[EventCountry "CAN"]

1. e4 c5 2. Nf3 Nc6 3. d4 cxd4 4. Nxd4 Nf6 5. Nc3 e5 6. Nb3 d6 7. g3 Be6 8. Bg2
Bc4 9. Be3 Be7 10. f3 O-O 11. a3 Nd7 12. Nd2 Be6 13. Nd5 Bxd5 14. exd5 Ncb8 15.
c4 f5 16. Qb3 b6 17. O-O-O Na6 18. Qc2 Rc8 19. f4 e4 20. g4 g6 21. gxf5 gxf5
22. a4 Nb4 23. Qb3 Nd3+ 24. Kb1 Bf6 25. Rdg1 Kh8 26. Bh3 N7c5 27. Qc2 Bxb2 28.
Rg5 Qe8 29. Bxf5 Rxf5 30. Qxb2+ Nxb2 31. Bd4+ 1-0

[Event "Montreal op U2000"]
[Site "Montreal CAN"]
[Date "2016.09.11"]
[Round "5.56"]
[White "Tsanaclis, Albert"]
[Black "Lemieux, Serge"]
[Result "1-0"]
[WhiteElo "1615"]
[BlackElo "1734"]
[PlyCount "37"]
[EventDate "2016.09.09"]
[EventType "swiss"]
[EventRounds "5"]
[EventCountry "CAN"]

1. e4 e6 2. d4 d5 3. Nd2 c5 4. exd5 exd5 5. Ngf3 Nc6 6. Bb5 a6 7. Bxc6+ bxc6 8.
O-O Bd6 9. dxc5 Bxc5 10. Nb3 Be7 11. Re1 Be6 12. Nbd4 Qd6 13. Nxe6 fxe6 14. Nd4
e5 15. Qh5+ g6 16. Qxe5 Qf6 17. Qxf6 Nxf6 18. Nxc6 Ne4 19. Nxe7 1-0

[Event "Montreal op U2000"]
[Site "Montreal CAN"]
[Date "2016.09.11"]
[Round "5.57"]
[White "Pinsonneault, Marc"]
[Black "Roy, Stephane"]
[Result "1-0"]
[WhiteElo "1682"]
[BlackElo "1588"]
[PlyCount "61"]
[EventDate "2016.09.09"]
[EventType "swiss"]
[EventRounds "5"]
[EventCountry "CAN"]

1. e4 e5 2. Nf3 Nc6 3. Bb5 d6 4. d4 Bd7 5. Nc3 Nf6 6. Bxc6 Bxc6 7. Qd3 exd4 8.
Nxd4 Bd7 9. Bg5 Be7 10. O-O-O a6 11. f4 O-O 12. h3 b5 13. Nf3 b4 14. Nd5 Nxd5
15. Qxd5 Be6 16. Qa5 f6 17. Bh4 Qc8 18. Nd4 c5 19. Nxe6 Qxe6 20. Rhe1 Qd7 21.
Qxc5 Rfc8 22. Qd5+ Kh8 23. Bf2 Rab8 24. Kb1 Rb5 25. Qd3 a5 26. Bd4 Rcb8 27. e5
Qb7 28. exf6 gxf6 29. Qe4 Qxe4 30. Rxe4 R8b7 31. Rxe7 1-0

[Event "Montreal op U2000"]
[Site "Montreal CAN"]
[Date "2016.09.11"]
[Round "5.58"]
[White "Omichi, Haruaki"]
[Black "Desmarais, Serge"]
[Result "1-0"]
[WhiteElo "1569"]
[BlackElo "1730"]
[PlyCount "93"]
[EventDate "2016.09.09"]
[EventType "swiss"]
[EventRounds "5"]
[EventCountry "CAN"]

1. e4 Nf6 2. e5 Nd5 3. d4 d6 4. c4 Nb6 5. f4 dxe5 6. fxe5 Bf5 7. Nc3 e6 8. Nf3
Be7 9. Be2 c6 10. O-O O-O 11. Be3 Na6 12. a3 Nc7 13. Qe1 Rc8 14. Rd1 Kh8 15. b4
Rg8 16. h3 Rf8 17. g4 Bc2 18. Rc1 Bg6 19. h4 f6 20. Qg3 Ne8 21. g5 Qc7 22. Bf4
f5 23. Ne1 Bf7 24. h5 g6 25. hxg6 Bxg6 26. Ng2 Bd8 27. Nh4 Qf7 28. Nxg6+ Qxg6
29. Kf2 Kg7 30. Rh1 Qf7 31. Bh5 Qd7 32. Ne2 Rh8 33. Qh3 Kg8 34. Bf3 Qg7 35. Qg2
Nc7 36. Ng3 Be7 37. Nh5 Qg6 38. Qh3 Rd8 39. Be3 Rf8 40. Nf4 Qg7 41. Nh5 Qf7 42.
Nf6+ Bxf6 43. gxf6 Rd8 44. Qh6 Qg6 45. Rhg1 Kf7 46. Bh5 Rhg8 47. Qxh7+ 1-0

[Event "Montreal op U2000"]
[Site "Montreal CAN"]
[Date "2016.09.11"]
[Round "5.59"]
[White "Xu, Daniel"]
[Black "Sanyal, Prateek"]
[Result "0-1"]
[WhiteElo "1607"]
[BlackElo "1676"]
[PlyCount "64"]
[EventDate "2016.09.09"]
[EventType "swiss"]
[EventRounds "5"]
[EventCountry "CAN"]

1. e4 c5 2. c3 Nc6 3. d4 cxd4 4. cxd4 d6 5. Nc3 Nf6 6. f4 e5 7. dxe5 Bg4 8. Be2
Bxe2 9. Qxe2 dxe5 10. Nf3 Bd6 11. fxe5 Nxe5 12. Nxe5 Bxe5 13. Qb5+ Nd7 14. Be3
Bxc3+ 15. bxc3 Qh4+ 16. Kf1 Qxe4 17. Re1 a6 18. Qg5 Qc4+ 19. Kg1 O-O 20. Bd4 f6
21. Qd2 Rfe8 22. Kf2 Ne5 23. Bxe5 fxe5 24. Rhf1 Rad8 25. Qb2 Qc5+ 26. Ke2 e4
27. Qb3+ Kh8 28. Rd1 Qh5+ 29. Ke1 Rxd1+ 30. Qxd1 Qxh2 31. Qg4 e3 32. Qb4 Qg3+
0-1

[Event "Montreal op U2000"]
[Site "Montreal CAN"]
[Date "2016.09.11"]
[Round "5.60"]
[White "Nafii, Adali"]
[Black "Richard, Leo"]
[Result "0-1"]
[WhiteElo "1623"]
[BlackElo "1481"]
[PlyCount "54"]
[EventDate "2016.09.09"]
[EventType "swiss"]
[EventRounds "5"]
[EventCountry "CAN"]

1. d4 d5 2. c4 c6 3. Nc3 e6 4. Nf3 dxc4 5. a4 Bb4 6. e3 b5 7. axb5 cxb5 8. Bd2
Bxc3 9. Bxc3 Nf6 10. b3 O-O 11. bxc4 bxc4 12. Bb4 Re8 13. Bxc4 Bb7 14. O-O Nbd7
15. Bb5 Rb8 16. Ba5 Qe7 17. Ba4 Rec8 18. Rb1 Be4 19. Rxb8 Rxb8 20. Nd2 Bd3 21.
Re1 Ne4 22. Nxe4 Bxe4 23. Qd2 Nb6 24. Bb5 Qg5 25. Bf1 Nc4 26. Qc3 Qxa5 27. Qxc4
Qxe1 0-1

[Event "Montreal op U2000"]
[Site "Montreal CAN"]
[Date "2016.09.11"]
[Round "5.61"]
[White "Pregent, Daniel"]
[Black "Turgeon, Yoakim"]
[Result "1-0"]
[WhiteElo "1735"]
[BlackElo "1652"]
[PlyCount "67"]
[EventDate "2016.09.09"]
[EventType "swiss"]
[EventRounds "5"]
[EventCountry "CAN"]

1. d4 d5 2. c4 e6 3. Nc3 c6 4. e3 Bd6 5. Nf3 f5 6. b3 Nf6 7. Bd3 Ne4 8. Bb2 Nd7
9. O-O O-O 10. Ne2 Qf6 11. Qc2 g5 12. c5 Bc7 13. b4 g4 14. Ne1 Qh6 15. Nf4 Ndf6
16. f3 gxf3 17. gxf3 Ng5 18. Neg2 Nh5 19. Rae1 Kh8 20. Bc1 Rg8 21. Kf2 Nxf4 22.
exf4 Nh3+ 23. Ke3 Bxf4+ 24. Nxf4 Qxf4+ 25. Ke2 Qxd4 26. Kd1 Qxb4 27. Bb2+ d4
28. a3 Qa5 29. Bxd4+ Rg7 30. Rg1 Nf2+ 31. Qxf2 e5 32. Bxe5 Qxa3 33. Bxg7+ Kg8
34. Bc4+ 1-0

[Event "NAYCC U08"]
[Site "Windsor CAN"]
[Date "2016.08.07"]
[Round "1.161"]
[White "Mishra, Abhimanyu"]
[Black "Yuen, Noah"]
[Result "1-0"]
[WhiteElo "1924"]
[BlackElo "1114"]
[PlyCount "105"]
[EventDate "2016.08.07"]
[EventType "swiss"]
[EventRounds "9"]
[EventCountry "CAN"]

1. e4 c5 2. Nf3 Nc6 3. d4 cxd4 4. Nxd4 e6 5. Nc3 Bb4 6. Ndb5 d6 7. a3 Bxc3+ 8.
Nxc3 Nge7 9. Be2 O-O 10. Be3 b6 11. O-O Bb7 12. Qd2 Qd7 13. Rad1 Rfd8 14. Bc4
Ne5 15. Bb5 Qc7 16. Qe2 a6 17. Bd3 b5 18. f4 Nd7 19. Qf2 Nc5 20. e5 Nxd3 21.
Rxd3 Qc6 22. Rfd1 d5 23. Bd4 Nf5 24. g4 Nxd4 25. Rxd4 Qb6 26. Ne2 Rac8 27. c3
Rc4 28. R1d3 Rdc8 29. Rg3 Rxd4 30. Nxd4 Qc7 31. Rh3 Qe7 32. g5 g6 33. Qh4 f5
34. gxf6 Qf7 35. Nxe6 Qd7 36. Nd4 Qc7 37. Qh6 Rf8 38. Qxf8+ Kxf8 39. Ne6+ Kf7
40. Nxc7 h5 41. Rd3 Bc8 42. Rxd5 h4 43. Rd8 Bf5 44. e6+ Bxe6 45. Nxe6 Kxf6 46.
Rh8 Kxe6 47. Rxh4 Kf5 48. Rh6 a5 49. a4 bxa4 50. c4 a3 51. bxa3 a4 52. c5 Ke6
53. Rxg6+ 1-0

[Event "NAYCC U08"]
[Site "Windsor CAN"]
[Date "2016.08.07"]
[Round "1.162"]
[White "Venkataraja, Lingaadyakssh"]
[Black "Huang, Brian"]
[Result "0-1"]
[WhiteElo "909"]
[BlackElo "1783"]
[PlyCount "74"]
[EventDate "2016.08.07"]
[EventType "swiss"]
[EventRounds "9"]
[EventCountry "CAN"]

1. e4 c5 2. d4 cxd4 3. c3 dxc3 4. Nxc3 Nc6 5. Bc4 g6 6. Bf4 Bg7 7. Nge2 d6 8.
O-O Nf6 9. Qc2 O-O 10. Rad1 Bd7 11. Rd2 Rc8 12. Rfd1 Nb4 13. Qb3 Nc6 14. Qxb7
Na5 15. Qa6 Nxc4 16. Rd4 Nb6 17. a4 Rc7 18. a5 Nc8 19. Ng3 Rc6 20. Qd3 Qxa5 21.
Ra4 Qb6 22. b4 Rxc3 23. Qxc3 Bxa4 24. Be3 Qb7 25. Rb1 Nxe4 26. Qa3 Nxg3 27.
hxg3 Qe4 28. Rc1 Bc6 29. f3 Qd5 30. Kf2 Nb6 31. Qc3 Bxc3 32. Rxc3 Nc4 33. Bxa7
Qd2+ 34. Kf1 Qxc3 35. b5 Bxb5 36. Bf2 Qc1+ 37. Ke2 Ne5# 0-1

[Event "NAYCC U08"]
[Site "Windsor CAN"]
[Date "2016.08.07"]
[Round "1.163"]
[White "Sloan, Jed"]
[Black "Ripley, Sam"]
[Result "1-0"]
[WhiteElo "1553"]
[BlackElo "829"]
[PlyCount "115"]
[EventDate "2016.08.07"]
[EventType "swiss"]
[EventRounds "9"]
[EventCountry "CAN"]

1. e4 c5 2. Nf3 d6 3. d4 cxd4 4. Nxd4 Nf6 5. Nc3 g6 6. Be3 Bg7 7. Be2 O-O 8.
O-O Qe8 9. Ndb5 Qd8 10. Nxa7 Be6 11. Nab5 Nc6 12. Nd4 Nxd4 13. Bxd4 Rc8 14. f4
Qa5 15. Qe1 Qb4 16. Rd1 Ra8 17. b3 d5 18. exd5 Nxd5 19. Bxg7 Kxg7 20. Nxd5 Qc5+
21. Qf2 Qd6 22. Qd4+ f6 23. Qb6 Qxb6+ 24. Nxb6 Rxa2 25. Bd3 Bf5 26. Bxf5 gxf5
27. Rd7 Rf7 28. Re1 Rxc2 29. Rdxe7 Rxe7 30. Rxe7+ Kg8 31. Nd5 Rb2 32. Nxf6+ Kf8
33. Rxb7 h6 34. h3 Rb1+ 35. Kh2 Rf1 36. Kg3 Re1 37. Rb8+ Kf7 38. Nd5 Rd1 39.
Rb7+ Ke6 40. Re7+ Kd6 41. Re5 Rxd5 42. Rxd5+ Kxd5 43. Kh4 Ke4 44. g3 Kd3 45.
Kh5 Kc3 46. Kxh6 Kxb3 47. Kg5 Kc3 48. h4 Kd4 49. h5 Kd5 50. h6 Ke6 51. h7 Kf7
52. h8=Q Ke6 53. Qd8 Kf7 54. Kxf5 Kg7 55. Qe7+ Kh6 56. Qg5+ Kh7 57. Kf6 Kh8 58.
Qg7# 1-0

[Event "NAYCC U08"]
[Site "Windsor CAN"]
[Date "2016.08.07"]
[Round "1.164"]
[White "Yuan, Daniel"]
[Black "Zhang, Andrew"]
[Result "0-1"]
[WhiteElo "827"]
[BlackElo "1524"]
[PlyCount "80"]
[EventDate "2016.08.07"]
[EventType "swiss"]
[EventRounds "9"]
[EventCountry "CAN"]

1. e4 e5 2. Nf3 Nc6 3. d4 exd4 4. Bc4 Bc5 5. O-O Nge7 6. c3 d3 7. Qxd3 O-O 8.
Bg5 h6 9. Bh4 h5 10. Nbd2 d6 11. Nb3 Bb6 12. Nbd4 Ne5 13. Bxe7 Qxe7 14. Nxe5
dxe5 15. Nf3 Bg4 16. h3 Rad8 17. Qe2 Bxf3 18. Qxf3 Rd2 19. b3 Qa3 20. Qf5 Qc5
21. Rfd1 Rxf2 22. Qxf2 Qxf2+ 23. Kh1 Qf6 24. Rd7 Qc6 25. Re7 Qxe4 26. Rf1 Qg6
27. Bd5 e4 28. Bxe4 Qd6 29. Bh7+ Kxh7 30. Ree1 c6 31. c4 Bc7 32. Kg1 Qh2+ 33.
Kf2 Bb6+ 34. Ke2 Qxg2+ 35. Kd1 Rd8+ 36. Kc1 Be3+ 37. Kb1 Qg6+ 38. Kb2 Rd2+ 39.
Ka3 Qd6+ 40. Ka4 Rxa2# 0-1

[Event "NAYCC U08"]
[Site "Windsor CAN"]
[Date "2016.08.07"]
[Round "1.167"]
[White "Xu, Daniel"]
[Black "Zhang, Caden"]
[Result "1-0"]
[WhiteElo "1486"]
[BlackElo "750"]
[PlyCount "59"]
[EventDate "2016.08.07"]
[EventType "swiss"]
[EventRounds "9"]
[EventCountry "CAN"]

1. d4 d5 2. c4 dxc4 3. e3 Nf6 4. Bxc4 e6 5. Nc3 Be7 6. Nf3 O-O 7. O-O a6 8. Ne5
b5 9. Bd3 Bb4 10. a3 Ba5 11. b4 Bb6 12. Bb2 Bb7 13. Qc2 Re8 14. f4 Nbd7 15.
Rac1 Nf8 16. f5 Ra7 17. fxe6 Rxe6 18. Bf5 Re7 19. Rce1 Ba8 20. Kh1 Qb8 21. a4
Qb7 22. a5 Bxa5 23. bxa5 b4 24. Nd1 b3 25. Qd2 Nd5 26. Bb1 Nb4 27. Ba3 Na2 28.
Bxe7 Nc1 29. Rxf7 h6 30. Rxf8# 1-0

[Event "NAYCC U08"]
[Site "Windsor CAN"]
[Date "2016.08.07"]
[Round "1.168"]
[White "Zhang, William"]
[Black "Nakada, Johji"]
[Result "0-1"]
[WhiteElo "608"]
[BlackElo "1424"]
[PlyCount "54"]
[EventDate "2016.08.07"]
[EventType "swiss"]
[EventRounds "9"]
[EventCountry "CAN"]

1. e4 c5 2. Nf3 e6 3. Nc3 Nc6 4. Bc4 Nf6 5. d3 d5 6. e5 Nd7 7. d4 dxc4 8. dxc5
Bxc5 9. Be3 Bxe3 10. fxe3 Ncxe5 11. Nxe5 Nxe5 12. Qxd8+ Kxd8 13. O-O Ke7 14.
Rad1 Bd7 15. Ne4 Bc6 16. Nd6 Rhd8 17. Nf5+ exf5 18. Rxd8 Rxd8 19. b3 Rd2 20.
Rc1 Rxg2+ 21. Kh1 Rxc2+ 22. Kg1 Rxc1+ 23. Kf2 Rc2+ 24. Kg3 Rg2+ 25. Kh3 Rg4 26.
e4 Bxe4 27. bxc4 Bg2# 0-1

[Event "NAYCC U08"]
[Site "Windsor CAN"]
[Date "2016.08.07"]
[Round "1.169"]
[White "Nath, Nitish"]
[Black "Mak, Logan Jason"]
[Result "1-0"]
[WhiteElo "1422"]
[BlackElo "555"]
[PlyCount "49"]
[EventDate "2016.08.07"]
[EventType "swiss"]
[EventRounds "9"]
[EventCountry "CAN"]

1. e4 c5 2. Nf3 Nc6 3. d4 cxd4 4. Nxd4 d6 5. Nc3 Nf6 6. Be2 e5 7. Nb3 Be6 8.
Be3 d5 9. exd5 Bxd5 10. Nxd5 Nxd5 11. O-O Bd6 12. Qxd5 O-O 13. Rad1 Bc7 14.
Qxd8 Raxd8 15. Bf3 a6 16. Nc5 Nb4 17. c3 Nxa2 18. Ra1 Nxc3 19. bxc3 b6 20. Nxa6
Rc8 21. Nxc7 Rxc7 22. Bxb6 Rb7 23. Bxb7 Rb8 24. Rfd1 Rxb7 25. Rd8# 1-0

[Event "NAYCC U08"]
[Site "Windsor CAN"]
[Date "2016.08.08"]
[Round "2.161"]
[White "Nakada, Johji"]
[Black "Mishra, Abhimanyu"]
[Result "0-1"]
[WhiteElo "1424"]
[BlackElo "1924"]
[PlyCount "105"]
[EventDate "2016.08.07"]
[EventType "swiss"]
[EventRounds "9"]
[EventCountry "CAN"]

1. e4 c5 2. Nf3 e6 3. d3 d6 4. g3 Nc6 5. Bg2 Nf6 6. c3 g6 7. O-O Bg7 8. Re1 O-O
9. d4 cxd4 10. cxd4 e5 11. d5 Ne7 12. Nbd2 b6 13. Nc4 Bg4 14. h3 Bxf3 15. Bxf3
b5 16. Na3 a6 17. Bd2 Qd7 18. Rc1 Rac8 19. Bg5 Rxc1 20. Qxc1 Rc8 21. Qd2 Qb7
22. b3 Rc7 23. Nc2 Qc8 24. Rc1 Qxh3 25. Nb4 Qc8 26. Rxc7 Qxc7 27. Nxa6 Qb6 28.
Nb4 Qc5 29. Bg2 Qb6 30. Qc2 h6 31. Be3 Qb7 32. Nc6 Nc8 33. Bh3 Nd7 34. Qe2 Bf8
35. Qg4 Ncb6 36. f4 exf4 37. Qxf4 Qa8 38. Qf2 Qa6 39. Nd8 f6 40. Be6+ Kg7 41.
Qh2 h5 42. Qh3 Qa5 43. Bf2 Ne5 44. g4 Nbd7 45. gxh5 Qxd8 46. h6+ Kh8 47. Bg3
Qe7 48. Bxe5 Nxe5 49. a4 bxa4 50. bxa4 Qa7+ 51. Kg2 Qxa4 52. h7 Qxe4+ 53. Kg1
0-1